| 000 | 00688cam a2200217 a 4500 | ||
|---|---|---|---|
| 020 | _a9780821367254 (pbk.) | ||
| 020 | _a0821367250 (pbk.) | ||
| 020 | _a0821367269 (electronic) | ||
| 020 | _a9780821367261 (electronic) | ||
| 040 | _cDLC | ||
| 082 | 0 | 0 | _a364 WOR 2007 A016 Or. |
| 245 | 0 | 4 |
_aThe many faces of corruption : _btracking vulnerabilities at the sector level / |
| 260 |
_aWashington, D.C. : _bWorld Bank, _cc2007. |
||
| 300 |
_axxxi, 447 p. : _bill. ; _c26 cm. |
||
| 650 | 0 | _aCorruption. | |
| 650 | 0 | _aEconomic development | |
| 700 | 1 | _aCampos, J. Edgardo. | |
| 700 | 1 | _aPradhan, Sanjay. | |
| 856 | 4 | 1 | _uhttp://www.loc.gov/catdir/toc/ecip073/2006034749.html |
| 942 | _cEK | ||
| 999 |
_c11597 _d11597 |
||